| 000 | 00525nam a2200181Ia 4500 | ||
|---|---|---|---|
| 999 |
_c29246 _d29246 |
||
| 003 | OSt | ||
| 005 | 20260305124335.0 | ||
| 008 | 190216s9999||||xx |||||||||||||| ||und|| | ||
| 020 | _a9788126409624 | ||
| 040 | _coclc | ||
| 082 |
_a894.812301 _bZAC/O |
||
| 100 | 0 |
_aSakkar̲iya, _d1945- _96653 |
|
| 245 | 0 |
_aOru Nasraniyuvavum Gowlisastravum / _cPaul Zacharia |
|
| 260 |
_bDc Books, _aKottayam: _c2005. |
||
| 300 | _a96p | ||
| 650 | _aKathakal | ||
| 942 |
_cBK _2ddc _h894.812301 _iZAC/O _k894.812301 _mZAC/O |
||